Fluence of ultrasonic waves during micro-arc oxidation on structure and properties of calcium phosphate coatings; Gas Discharge Plasmas and Their Applications (GDP 2019)

Detalhes bibliográficos
Parent link:Gas Discharge Plasmas and Their Applications (GDP 2019).— 2019.— [С. 198]
Autor Corporativo: Национальный исследовательский Томский политехнический университет Исследовательская школа физики высокоэнергетических процессов
Outros Autores: Komarova E. G., Kazanceva E. A., Sedelnikova M. B. Mariya Borisovna, Sharkeev Yu. P. Yury Petrovich
Resumo:Заглавие с титульного экрана
Idioma:inglês
Publicado em: 2019
Assuntos:
Acesso em linha:http://earchive.tpu.ru/handle/11683/57743
Formato: Recurso Electrónico Capítulo de Livro
KOHA link:https://koha.lib.tpu.ru/cgi-bin/koha/opac-detail.pl?biblionumber=630875

MARC

LEADER 00000naa2a2200000 4500
001 630875
005 20231228155930.0
035 |a (RuTPU)RU\TPU\conf\32438 
035 |a RU\TPU\conf\32437 
090 |a 630875 
100 |a 20200130d2019 k y0rusy50 ba 
101 0 |a eng 
102 |a RU 
105 |a y z 101zy 
135 |a drcn ---uucaa 
181 0 |a i  
182 0 |a b 
200 1 |a Fluence of ultrasonic waves during micro-arc oxidation on structure and properties of calcium phosphate coatings  |f E. G. Komarova [et al.] 
203 |a Текст  |c электронный 
300 |a Заглавие с титульного экрана 
320 |a [Библиогр.: с. 198 (1 назв.)] 
463 1 |0 (RuTPU)RU\TPU\conf\32407  |t Gas Discharge Plasmas and Their Applications (GDP 2019)  |o 14th International Conference, September 15–21, 2019, Tomsk, Russia  |o abstracts  |f National Research Tomsk Polytechnic University (TPU) ; eds. Yu. D. Korolev, N. N. Koval  |v [С. 198]  |d 2019 
610 1 |a электронный ресурс 
610 1 |a труды учёных ТПУ 
610 1 |a ультразвуковые волны 
610 1 |a окисление 
610 1 |a структура 
610 1 |a свойства 
610 1 |a кальцийфосфатные покрытия 
610 1 |a поверхности 
610 1 |a титан 
701 1 |a Komarova  |b E. G. 
701 1 |a Kazanceva  |b E. A. 
701 1 |a Sedelnikova  |b M. B.  |c Chemical Engineer  |c Professor of Tomsk Polytechnic University, Doctor of technical sciences  |f 1967-  |g Mariya Borisovna  |3 (RuTPU)RU\TPU\pers\31922 
701 1 |a Sharkeev  |b Yu. P.  |c physicist  |c Professor of Tomsk Polytechnic University, Doctor of physical and mathematical sciences  |f 1950-  |g Yury Petrovich  |3 (RuTPU)RU\TPU\pers\32228  |9 16228 
712 0 2 |a Национальный исследовательский Томский политехнический университет  |b Исследовательская школа физики высокоэнергетических процессов  |c (2017- )  |3 (RuTPU)RU\TPU\col\23551 
801 2 |a RU  |b 63413507  |c 20200131  |g RCR 
856 4 |u http://earchive.tpu.ru/handle/11683/57743 
942 |c BK